| 000 | 00468nam a2200169Ia 4500 | ||
|---|---|---|---|
| 003 | GCL | ||
| 008 | 140319s9999 xx 000 0 eng d | ||
| 040 |
_aGCL / _cGCL |
||
| 082 | 0 | 4 |
_aCC _b054.962031 _bD H |
| 100 | 1 | _aDOUIN,G | |
| 245 | 1 | 0 |
_aHISTIORE DU SUDAN EGYPTIEN 1820 - 1822 / _cDOUIN,G |
| 260 |
_a[S.N] : _bLA SOCIETE DE GEOGRAPHIE D'EGYPTE ، _c1944 |
||
| 300 | _a427 | ||
| 650 | 0 | 4 | _aLA SOCIETE DE GEOGRAPHIC D'EGY |
| 650 | 0 | 4 | _aPERIODICALS |
| 942 |
_2ddc _cBK |
||
| 999 |
_c17197 _d17197 |
||